[Event "Let's Play Chess!"]
[Site "http://www.queenalice.com/game.php?id=1457719"]
[Date "2017.1.3"]
[Round "-"]
[White "chessplayer123"]
[Black "rotirotu"]
[Result "1/2-1/2"]
[WhiteElo "1816"]
[BlackElo "1500"]

1. e4 c5 2. d3 Nc6 3. Nf3 d6 4. Nc3 Nf6 5. Be2 e6 6. Bg5 h6 7. Be3 Be7 8. a3 a6
9. O-O O-O 10. Qc1 Kh7 11. Ne1 d5 12. exd5 exd5 13. Bd2 d4 14. Ne4 Nxe4 15. dxe4
f5 16. exf5 Bxf5 17. Bd3 Bxd3 18. Nxd3 b6 19. Bf4 Bd6 20. Bxd6 Qxd6 21. c4 Na5
22. Qc2 Kh8 23. Qe2 Rae8 1/2-1/2

[Event "Let's Play Chess!"]
[Site "http://www.queenalice.com/game.php?id=1457720"]
[Date "2017.1.3"]
[Round "-"]
[White "Daniel1962"]
[Black "rotirotu"]
[Result "0-1"]
[WhiteElo "1701"]
[BlackElo "1682"]

1. d4 Nf6 2. Nc3 e6 3. e4 Bb4 4. Bd2 Bxc3 5. Bxc3 Nxe4 6. Qf3 d5 7. Bd3 Nxc3 8.
bxc3 Nd7 9. Nh3 Qf6 10. Qg3 c5 11. O-O h6 12. Bb5 c4 13. Rab1 b6 14. Bc6 O-O 15.
Bxa8 Ba6 16. Bc6 Qd8 17. f4 Nf6 18. Ba4 Ne4 19. Qe3 Qe7 20. f5 exf5 21. Rxf5 Bb7
22. Nf4 Rd8 23. Rb5 Qa3 24. Rb4 Qxa2 25. Ne2 Bc8 26. Re5 a5 27. Rxb6 Qxa4 28.
Re7 Qxc2 29. h3 a4 30. Qf3 Be6 31. Rbxe6 Ng5 32. Re8+ Kh7 33. Qh5 Nxe6 34. Rxd8
Nxd8 35. Kf1 a3 36. Qh4 a2 37. Qe1 Qb1 0-1

[Event "AUTO-OPEN-3748"]
[Site "http://www.queenalice.com/game.php?id=1457802"]
[Date "2017.1.4"]
[Round "1"]
[White "rotirotu"]
[Black "chessman"]
[Result "1-0"]
[WhiteElo "1898"]
[BlackElo "1860"]

1. d4 d5 2. c4 c6 3. Nf3 Nf6 4. Nc3 e6 5. e3 Be7 6. Bd3 O-O 7. O-O Re8 8. cxd5
exd5 9. Ne5 Nbd7 10. f4 Nf8 11. b3 Ne4 12. Nxe4 dxe4 13. Bxe4 Bf6 14. Bb2 Ng6
15. Qh5 h6 16. Nxf7 1-0

[Event "AUTO-OPEN-3748"]
[Site "http://www.queenalice.com/game.php?id=1457803"]
[Date "2017.1.4"]
[Round "1"]
[White "chessman"]
[Black "rotirotu"]
[Result "0-1"]
[WhiteElo "1904"]
[BlackElo "2018"]

1. e4 c5 2. Nf3 d6 3. Bb5+ Nc6 4. d4 Bd7 5. c3 a6 6. Bd3 Bg4 7. d5 Ne5 8. Be2
Nf6 9. Nxe5 Bxe2 10. Qxe2 dxe5 11. c4 e6 12. dxe6 fxe6 13. Nc3 Qc7 14. O-O Be7
15. Be3 Rd8 16. Rfd1 O-O 17. b3 Rxd1+ 18. Rxd1 Rd8 19. f3 Rxd1+ 20. Qxd1 Nd7 21.
Kf2 Nb8 22. Qd2 Nc6 23. g3 Nd4 24. Ne2 b5 25. Qd3 Qa5 26. Qc2 Nxc2 0-1

[Event "AUTO-OPEN-3748"]
[Site "http://www.queenalice.com/game.php?id=1457804"]
[Date "2017.1.4"]
[Round "1"]
[White "rotirotu"]
[Black "Artking"]
[Result "1-0"]
[WhiteElo "1787"]
[BlackElo "2053"]

1. d4 Nf6 2. c4 g6 3. Nf3 Bg7 4. Nc3 d6 5. Bf4 c6 6. e3 O-O 7. Bd3 Nbd7 8. O-O
a6 9. Bc2 Qe8 10. a4 Nh5 11. Bg5 h6 12. Bh4 e5 13. Ne4 Qe6 14. d5 cxd5 15. cxd5
1-0

[Event "AUTO-OPEN-3748"]
[Site "http://www.queenalice.com/game.php?id=1457805"]
[Date "2017.1.4"]
[Round "1"]
[White "Artking"]
[Black "rotirotu"]
[Result "0-1"]
[WhiteElo "2101"]
[BlackElo "1949"]

1. e4 c5 2. Nf3 d6 3. d4 Nf6 4. Nc3 cxd4 5. Nxd4 a6 6. Bg5 e6 7. Bc4 Be7 8. O-O
b5 9. Bd3 O-O 10. Kh1 Bb7 11. Qe2 b4 12. Bxf6 Bxf6 13. Ncb5 axb5 14. Nxb5 Bxb2
15. Rad1 Nc6 16. f4 Nd4 17. Nxd4 Bxd4 18. f5 exf5 19. Rxf5 Be5 20. Bc4 Qh4 0-1

[Event "AUTO-OPEN-3748"]
[Site "http://www.queenalice.com/game.php?id=1457806"]
[Date "2017.1.4"]
[Round "1"]
[White "rotirotu"]
[Black "rviana"]
[Result "1-0"]
[WhiteElo "2075"]
[BlackElo "1950"]

1. d4 e6 2. Nf3 Nf6 3. c4 d5 4. Bg5 Be7 5. Nc3 O-O 6. e3 Nc6 7. Bd3 h6 8. Bxf6
Bxf6 9. c5 Re8 10. Bb5 Bd7 11. O-O a6 12. Bxc6 Bxc6 13. Qd3 Qe7 14. b4 Rec8 15.
a4 b6 16. a5 b5 17. Ne2 Bd7 18. Ne5 Bxe5 19. dxe5 f6 20. f4 f5 21. g4 fxg4 22.
Qg6 c6 23. Nd4 Qf7 24. Qxg4 Rf8 25. Kh1 Kh8 26. Rg1 Ra7 27. Qg6 Be8 28. Qxe6
Qxe6 29. Nxe6 Rf5 30. Nd4 Rh5 31. Raf1 Kg8 32. Rg3 Kh7 33. f5 Rh4 34. Kg2 Re4
35. e6 Rxe3 36. Rxe3 1-0

[Event "AUTO-OPEN-3748"]
[Site "http://www.queenalice.com/game.php?id=1457807"]
[Date "2017.1.4"]
[Round "1"]
[White "rviana"]
[Black "rotirotu"]
[Result "0-1"]
[WhiteElo "1927"]
[BlackElo "2050"]

1. c4 e6 2. Nc3 d5 3. Nf3 c5 4. e3 Nf6 5. Be2 Bd6 6. O-O O-O 7. b3 Bc7 8. d4
cxd4 9. exd4 Nc6 10. Bb2 a6 11. c5 Ne4 12. Nxe4 dxe4 13. Ne5 Nxe5 14. dxe5 Bd7
15. Qc2 Bc6 16. Rad1 Qg5 17. f4 exf3 18. Bxf3 Bxf3 19. Rxf3 Rad8 20. Rfd3 Rxd3
21. Rxd3 Bxe5 22. Ba3 Qh4 23. g3 Bd4+ 24. Kg2 Qe4+ 25. Kh3 Qf5+ 26. Kg2 Qd5+ 27.
Kh3 Re8 28. b4 e5 29. Bc1 e4 30. Qe2 Qe6+ 0-1

[Event "Let's Play Chess!"]
[Site "http://www.queenalice.com/game.php?id=1458148"]
[Date "2017.1.6"]
[Round "-"]
[White "pecice"]
[Black "rotirotu"]
[Result "0-1"]
[WhiteElo "1574"]
[BlackElo "2168"]

1. e4 c5 2. Nf3 d6 3. c3 Nf6 4. e5 dxe5 5. Nxe5 Nbd7 6. Bb5 a6 7. Bxd7+ Nxd7 8.
Nxd7 Bxd7 9. O-O Bc6 10. d4 Qd5 11. f3 e6 12. Be3 Bd6 13. dxc5 Bxh2+ 14. Kxh2
Qe5+ 15. g3 Qxe3 16. Qd4 Qxd4 17. cxd4 O-O-O 18. Nd2 Rxd4 19. Nb3 Rd3 20. f4
Rhd8 21. Kh3 R8d5 22. Rac1 Rh5+ 23. Kg4 Rh2 24. Rc3 f5+ 0-1

[Event "Let's Play Chess!"]
[Site "http://www.queenalice.com/game.php?id=1458149"]
[Date "2017.1.6"]
[Round "-"]
[White "pecice"]
[Black "rotirotu"]
[Result "0-1"]
[WhiteElo "1573"]
[BlackElo "2050"]

1. e4 c5 2. Nf3 d6 3. Be2 Nf6 4. e5 dxe5 5. Nxe5 Nbd7 6. Nxd7 Bxd7 7. O-O e6 8.
d4 Qc7 9. dxc5 Bxc5 10. c3 h5 11. b4 Ng4 12. Bxg4 hxg4 13. bxc5 Qxh2# 0-1

[Event "Let's Play Chess!"]
[Site "http://www.queenalice.com/game.php?id=1458154"]
[Date "2017.1.6"]
[Round "-"]
[White "charles31"]
[Black "rotirotu"]
[Result "1/2-1/2"]
[WhiteElo "1729"]
[BlackElo "1658"]

1. Nf3 d5 2. d4 c5 3. dxc5 Nc6 4. Nc3 Nf6 5. h3 e5 6. Bg5 d4 7. Bxf6 Qxf6 8. Nd5
Qd8 9. e4 dxe3 10. Nxe3 Qa5+ 11. Qd2 Qxc5 12. O-O-O Be7 13. Nd5 O-O 14. Nxe7+
Qxe7 15. Bc4 Rd8 16. Qe2 Rxd1+ 17. Rxd1 g6 18. g4 Bd7 19. Bb3 Rd8 20. Rd5 Re8
21. Qe3 Be6 22. Rd2 Bxb3 23. Qxb3 Qf6 24. g5 Qf5 1/2-1/2

[Event "Let's Play Chess!"]
[Site "http://www.queenalice.com/game.php?id=1458410"]
[Date "2017.1.7"]
[Round "-"]
[White "igorjava"]
[Black "rotirotu"]
[Result "0-1"]
[WhiteElo "1618"]
[BlackElo "2129"]

1. e4 c5 2. Nf3 d6 3. d4 Nf6 4. e5 dxe5 5. dxe5 Qxd1+ 6. Kxd1 Ng4 7. Ke1 Nc6 8.
Bf4 g5 9. Bg3 Bg7 10. Bb5 Bd7 11. c3 Ngxe5 12. Nxg5 a6 13. Bxe5 Bxe5 14. Bc4 e6
15. g3 Bf6 16. Ne4 Be7 17. Nbd2 f5 18. f3 fxe4 19. Nxe4 Ne5 20. Be2 Bc6 21. Rd1
Bd5 22. b3 c4 23. bxc4 Nxc4 24. Kf2 Rf8 25. Bxc4 Bxe4 0-1

[Event "aperturaf"]
[Site "http://www.queenalice.com/game.php?id=1463774"]
[Date "2017.2.11"]
[Round "-"]
[White "rotirotu"]
[Black "aperturaf"]
[Result "1-0"]
[WhiteElo "1787"]
[BlackElo "2236"]

1. d4 d5 2. c4 e6 3. Nc3 Nf6 4. Nf3 Nbd7 5. e3 c6 6. Bd3 dxc4 7. Bxc4 b5 8. Be2
b4 9. Na4 Bb7 10. O-O Be7 11. a3 a5 12. Qc2 O-O 13. Rd1 c5 14. Nxc5 Nxc5 15.
dxc5 Qc7 16. Bd2 1-0

[Event "AUTO-OPEN-3748"]
[Site "http://www.queenalice.com/game.php?id=1493572"]
[Date "2017.9.8"]
[Round "2"]
[White "bouley"]
[Black "rotirotu"]
[Result "0-1"]
[WhiteElo "2101"]
[BlackElo "2129"]

1. e4 c5 2. Nf3 d6 3. d4 cxd4 4. Nxd4 e5 5. Bb5+ Nd7 6. Nf5 a6 7. Be2 Nc5 8. Nc3
Nf6 9. Bg5 Ncxe4 10. Nxe4 Bxf5 11. Nxf6+ gxf6 12. Bh4 Rc8 13. c3 Rg8 14. O-O Qb6
15. Qd2 Be4 16. g3 d5 17. b4 d4 18. Rfc1 d3 19. Bg4 Rxg4 0-1

[Event "AUTO-OPEN-3748"]
[Site "http://www.queenalice.com/game.php?id=1493573"]
[Date "2017.9.8"]
[Round "2"]
[White "rotirotu"]
[Black "bouley"]
[Result "1-0"]
[WhiteElo "2150"]
[BlackElo "2091"]

1. d4 d5 2. c4 Nf6 3. cxd5 Nxd5 4. Nf3 g6 5. e4 Nb6 6. Bb5+ c6 7. Be2 Bg7 8. Be3
O-O 9. O-O Bg4 10. Nbd2 N8d7 11. a4 a5 12. h3 Bxf3 13. Nxf3 e5 14. Nxe5 Nxe5 15.
dxe5 Qxd1 16. Rfxd1 Nc8 17. f4 b6 18. Rd7 Re8 19. Bc4 Re7 20. Rd8+ Bf8 21. f5
gxf5 22. Bh6 1-0

[Event "AUTO-OPEN-3748"]
[Site "http://www.queenalice.com/game.php?id=1493576"]
[Date "2017.9.8"]
[Round "2"]
[White "Canaye"]
[Black "rotirotu"]
[Result "0-1"]
[WhiteElo "1822"]
[BlackElo "2118"]

1. d4 Nf6 2. c4 e6 3. Nc3 d5 4. cxd5 exd5 5. Bg5 c6 6. e3 h6 7. Bxf6 Qxf6 8. Bd3
Qg5 9. Qf3 Bd6 10. h4 Qe7 11. O-O-O Nd7 12. Nge2 Nf6 13. Rde1 Bg4 0-1

[Event "AUTO-OPEN-3748"]
[Site "http://www.queenalice.com/game.php?id=1493577"]
[Date "2017.9.8"]
[Round "2"]
[White "rotirotu"]
[Black "Canaye"]
[Result "1-0"]
[WhiteElo "2125"]
[BlackElo "1795"]

1. d4 e6 2. e4 d5 3. Nc3 dxe4 4. Nxe4 Nd7 5. Nf3 Ngf6 6. Bd3 Nxe4 7. Bxe4 Nf6 8.
Bd3 Be7 9. O-O c5 10. dxc5 Bxc5 11. Qe2 Bd7 12. Ne5 O-O 13. Bg5 Be8 14. Rad1 Qe7
15. Ng4 Bc6 16. Nxf6+ gxf6 17. Qh5 Bxf2+ 18. Rxf2 1-0

[Event "Challenge"]
[Site "http://www.queenalice.com/game.php?id=1496106"]
[Date "2017.9.22"]
[Round "-"]
[White "dnptrs"]
[Black "rotirotu"]
[Result "0-1"]
[WhiteElo "2114"]
[BlackElo "2179"]

1. d4 Nf6 2. Nf3 d5 3. e3 c5 4. Bb5+ Bd7 5. Bxd7+ Nbxd7 6. O-O Rc8 7. c3 e6 8.
a3 Qc7 9. Nbd2 Bd6 10. h3 O-O 11. Ra2 c4 12. Nb1 Ne4 13. Bd2 f5 14. a4 g5 15.
Na3 a6 16. Be1 Ndf6 17. Nd2 Nxd2 18. Qxd2 g4 19. f3 Qg7 20. hxg4 fxg4 21. Kf2
Ne4+ 0-1

[Event "Challenge"]
[Site "http://www.queenalice.com/game.php?id=1496107"]
[Date "2017.9.22"]
[Round "-"]
[White "rotirotu"]
[Black "dnptrs"]
[Result "1-0"]
[WhiteElo "2195"]
[BlackElo "2114"]

1. d4 Nf6 2. c4 e6 3. Nf3 d5 4. Nc3 c6 5. e3 Qb6 6. Bd3 dxc4 7. Bxc4 Bd7 8. e4
Be7 9. O-O O-O 10. h3 Qc7 11. Qe2 b5 12. Bd3 a5 13. e5 Ne8 14. a3 g6 15. Ne4 f5
16. exf6 Nxf6 17. Bh6 Re8 18. Ne5 Na6 19. Rac1 Nxe4 20. Qxe4 Bf8 21. Bxf8 Kxf8
22. Qf4+ 1-0

[Event "AUTO-OPEN-3748"]
[Site "http://www.queenalice.com/game.php?id=1508035"]
[Date "2017.12.15"]
[Round "3"]
[White "Rafale2000"]
[Black "rotirotu"]
[Result "0-1"]
[WhiteElo "2013"]
[BlackElo "2168"]

1. d4 Nf6 2. Nf3 e6 3. Bf4 c5 4. e3 Nc6 5. c4 Qb6 6. b3 cxd4 7. Nxd4 e5 8. Nxc6
exf4 9. Nd4 Bb4+ 10. Nd2 Ne4 11. Nf3 fxe3 12. fxe3 Nc3 0-1

[Event "AUTO-OPEN-3748"]
[Site "http://www.queenalice.com/game.php?id=1508036"]
[Date "2017.12.15"]
[Round "3"]
[White "rotirotu"]
[Black "Rafale2000"]
[Result "1-0"]
[WhiteElo "2208"]
[BlackElo "1955"]

1. d4 Nf6 2. Nf3 e6 3. c4 d5 4. e3 Bb4+ 5. Nc3 c6 6. Bd3 Nbd7 7. O-O O-O 8. Bd2
Be7 9. e4 dxe4 10. Nxe4 Nxe4 11. Bxe4 Nf6 12. Bc2 c5 13. dxc5 Bxc5 14. Bc3 Qc7
15. Qe2 b6 16. Ng5 h6 17. Bxf6 gxf6 18. Nh7 f5 19. Nxf8 Kxf8 20. Qd2 Kg7 21.
Rad1 Qc6 22. Qc3+ f6 23. Qg3+ Kh7 24. Rd8 1-0